Welcome to CU Library Online Public Access Catalogue (OPAC)

Intravenous Medications/ (Record no. 4282)

MARC details
000 -LEADER
fixed length control field 00548nam a22001697a 4500
005 - DATE AND TIME OF LATEST TRANSACTION
control field 20250225084743.0
008 - FIXED-LENGTH DATA ELEMENTS--GENERAL INFORMATION
fixed length control field 250225b |||||||| |||| 00| 0 eng d
020 ## - INTERNATIONAL STANDARD BOOK NUMBER
International Standard Book Number 9780323024143
050 ## - LIBRARY OF CONGRESS CALL NUMBER
Classification number RM170
Item number .I585
100 ## - MAIN ENTRY--PERSONAL NAME
Personal name Gahart, Betty L.
245 ## - TITLE STATEMENT
Title Intravenous Medications/
Remainder of title a handbook for nurses and allied health professionals
Statement of responsibility, etc. Betty L. Gahart & Adrienne R. Nazareno
250 ## - EDITION STATEMENT
Edition statement 21st ed.
260 ## - PUBLICATION, DISTRIBUTION, ETC.
Place of publication, distribution, etc. St. Louis
Name of publisher, distributor, etc. Elsevier/Mosby
Date of publication, distribution, etc. 2005
300 ## - PHYSICAL DESCRIPTION
Extent xxiv. 1234p.
Dimensions 21.5cm
700 ## - ADDED ENTRY--PERSONAL NAME
Personal name Nazareno, Adrienne R.
942 ## - ADDED ENTRY ELEMENTS (KOHA)
Source of classification or shelving scheme Library of Congress Classification
Koha item type Books
Edition 21st ed.
Suppress in OPAC No
999 ## -
-- 4282
-- 4282
Holdings
Withdrawn status Lost status Source of classification or shelving scheme Damaged status Not for loan Collection Home library Current library Shelving location Date acquired Total checkouts Full call number Barcode Date last seen Copy number Price effective from Koha item type
    Library of Congress Classification     Non-fiction Science Library (Miotso) Science Library (Miotso) General stacks 02/25/2025   RM170 .I585 GAH SLM00004004 02/25/2025 1 02/25/2025 Books
© 2023-2024 Copyright: Central University Libraries. All Rights Reserved | Created by: Mahone Tech Office